Catálogo
 En Linea

Vida del almirante don Cristóbal Colón / (Registro nro. 32711)

Detalles MARC
000 -CABECERA
campo de control de longitud fija 00563nam a2200157 a 4500
001 - NÚMERO DE CONTROL
campo de control 000033220
005 - FECHA Y HORA DE LA ÚLTIMA TRANSACCIÓN
campo de control 20200930070115.0
008 - DATOS DE LONGITUD FIJA--INFORMACIÓN GENERAL
campo de control de longitud fija 110823s1947 mx 000 0 spa d
040 ## - FUENTE DE LA CATALOGACIÓN
Centro catalogador/agencia de origen DO-SdBNP
Lengua de catalogación spa
Centro/agencia transcriptor BNPHU
082 ## - NÚMERO DE LA CLASIFICACIÓN DECIMAL DEWEY
Número de clasificación xxx
Número de documento/Ítem C719v
100 1# - ENTRADA PRINCIPAL--NOMBRE DE PERSONA
Nombre de persona Colón, Hernando
9 (RLIN) 58852
245 10 - MENCIÓN DE TÍTULO
Título Vida del almirante don Cristóbal Colón /
Mención de responsabilidad, etc. Hernando Colón ; edición, prólogo y notas de Ramón Iglesia.
260 ## - PUBLICACIÓN, DISTRIBUCIÓN, ETC.
Lugar de publicación, distribución, etc. Mexico :
-- Buenos Aires, Argentina :
Nombre del editor, distribuidor, etc. Fondo de Cultura Económica,
Fecha de publicación, distribución, etc. 1947.
300 ## - DESCRIPCIÓN FÍSICA
Extensión 343 p. ;
Dimensiones 22 cm.
700 1# - PUNTO DE ACCESO ADICIONAL--NOMBRE DE PERSONA
Nombre de persona Iglesia, Ramón,
Término indicativo de función/relación pról.,
-- ed.
9 (RLIN) 58853
Existencias
Estado de retiro Estado de pérdida Restricciones de uso No para préstamo Código de colección Localización permanente Ubicación/localización actual Ubicación en estantería Fecha de adquisición Número de inventario Total de préstamos Signatura topográfica completa Código de barras Fecha visto por última vez Precio válido a partir de Tipo de ítem Koha Nota pública
      Excluido de préstamo Raros y valiosos General General En catalogación 23.08.2011 LF1   xxx C719v 33220-10 25.06.2020 25.06.2020 No se presta Perteneció a la biblioteca personal de Carlos Larrazabal Blanco

Con tecnología Koha